| 000 | 00743nam a22002657a 4500 | ||
|---|---|---|---|
| 003 | OSt | ||
| 005 | 20251002145858.0 | ||
| 007 | ta | ||
| 008 | 250121b bl ||||| |||| 00| 0 por d | ||
| 020 |
_a857194802X _q(encad.) |
||
| 040 |
_bpor _cOSt |
||
| 041 | 0 |
_apor _hpor |
|
| 082 |
_a005.3 _bW673a |
||
| 100 | 1 |
_aWilderom, Stella Martinez _964 |
|
| 210 | _2Delphi 6 e InterBase 6 | ||
| 245 | 1 | 0 | _aAplicações cliente/servidor com Delphi 6 e InterBase 6 / |
| 260 |
_aSão Paulo : _bÉrica, _c2001. |
||
| 300 |
_a276 p. : _bil. ; _c24 cm |
||
| 504 | _aBibliografia: p. 276. | ||
| 650 | 0 | 4 | _aBanco de dados |
| 650 | 0 | 4 | _aDelphi-Linguagem de computador |
| 650 | 0 | 4 | _aInterbase |
| 650 | 0 | 4 | _aSoftware desenvolvimento |
| 942 |
_2ddc _cLIV _n0 |
||
| 999 |
_c61 _d61 |
||